000 00844nam a2200265 a 4500
001 27070
003 BD-RjUL
005 20211209051116.0
008 140324s1968 enkabcf 001 0 eng d
020 _a0043270271
035 _a(BD-RjUL)27141)
040 _aDLC
_cDLC
_dUKM
_dBD-RjUL
_beng
041 _aeng
082 0 _a959.704
_bGEN 1968
100 1 _aGerassi, John.
_983137
245 1 0 _aNorth Vietnam: a documentary /
_cby John Gerassi ; with a foreword by Conor Cruise O'Brien.
260 _aLondon :
_bAllen & Unwin,
_c1968.
300 _a200 p., [24] p. of plates :
_bill., map, ports. ;
_c23 cm.
504 _aIncludes index.
650 0 _aVietnam War, 1961-1975
_xAerial operations, American
_983138
651 0 _aVietnam (Democratic Republic)
_983139
942 _2ddc
_cBK
999 _c27070
_d27070